LEADER 01092nam0-22003011--450- 001 990008147100403321 005 20050711105612.0 035 $a000814710 035 $aFED01000814710 035 $a(Aleph)000814710FED01 035 $a000814710 100 $a20050711d1927----km-y0itay50------ba 101 0 $aita 102 $aIT 105 $ay-------001yy 200 1 $aLezioni di economia turistica per gli studenti della facoltà di scienze politiche della R. Università di Roma anno scolastico 1926/1927$fAngelo Mariotti 210 $aRoma$c[s.n.]$d1927$gS. Michele 215 $a1 v., (132 p.)$d24 cm 225 1 $aRaccolta di studi editi dall'Istituto di legislazione e politica finanziaria 676 $a338.4$v12 rid.$zita 700 1$aMariotti,$bAngelo$011492 801 0$aIT$bUNINA$gRICA$2UNIMARC 901 $aBK 912 $a990008147100403321 952 $aXV H 301 (1)$b41823$fFGBC 959 $aFGBC 996 $aLezioni di economia turistica per gli studenti della facoltà di scienze politiche della R. Università di Roma anno scolastico 1926$9756919 997 $aUNINA LEADER 01040nam0 22002771i 450 001 UON00338305 005 20231205104248.431 100 $a20091014d1966 |0itac50 ba 101 $apor 102 $aPT 105 $a|||| 1|||| 200 1 $aFilologia e filosofia$etemas de filologia e filosofia portuguesas$fPinharanda Gomes 210 $aBraga$cEditora Pax$d1966 215 $a173 p.$d21 cm. 606 $aFILOLOGIA PORTOGHESE$3UONC063279$2FI 606 $aFILOSOFIA$xPortogallo$3UONC073639$2FI 620 $aPT$dBraga$3UONL001523 676 $a469$cLingua portoghese$v21 700 1$aGOMES$bJesué Pinharanda$3UONV115212$0702036 712 $aEditora Pax$3UONV272247$4650 801 $aIT$bSOL$c20240220$gRICA 899 $aSIBA - SISTEMA BIBLIOTECARIO DI ATENEO$2UONSI 912 $aUON00338305 950 $aSIBA - SISTEMA BIBLIOTECARIO DI ATENEO$dSI Port Ling II 0141 $eSI SP 3134 5 0141 996 $aFilologia e filosofia$91363198 997 $aUNIOR